Días de ventisca. Noches de huracán

Guardat en:
Dades bibliogràfiques
Autor principal: Escoto, Julio
Format: Llibre
Idioma:Undetermined
Publicat: San José, Costa Rica Nueva Década 1980
Matèries:
Etiquetes: Afegir etiqueta
Sense etiquetes, Sigues el primer a etiquetar aquest registre!

MARC

LEADER 00000nam a2200000Ia 4500
008 170316s9999 xx 000 0 und d
040 |a cru BVZT 
090 |a 860 E-7di 
100 |a Escoto, Julio 
245 |a Días de ventisca. Noches de huracán 
260 |a San José, Costa Rica 
260 |b Nueva Década 
260 |c 1980 
300 |a 139 páginas 
650 |a LITERATURA LATINOAMERICANA 
999 |c 8652  |d 8652 
942 |c 15 D  |h 860 E-7di  |2 z